Detalles MARC
| 000 -CABECERA |
| campo de control de longitud fija |
01179nam a2200265 a 4500 |
| 001 - NÚMERO DE CONTROL |
| campo de control |
000018836 |
| 005 - FECHA Y HORA DE LA ÚLTIMA TRANSACCIÓN |
| campo de control |
20200929165850.0 |
| 008 - DATOS DE LONGITUD FIJA--INFORMACIÓN GENERAL |
| campo de control de longitud fija |
100519s1998 sp a 000 0 spa d |
| 020 ## - NÚMERO INTERNACIONAL ESTÁNDAR DEL LIBRO |
| Número Internacional Estándar del Libro |
843060278X |
| 040 ## - FUENTE DE LA CATALOGACIÓN |
| Centro catalogador/agencia de origen |
DO-SdBNP |
| Lengua de catalogación |
spa |
| Centro/agencia transcriptor |
BNPHU |
| 082 ## - NÚMERO DE LA CLASIFICACIÓN DECIMAL DEWEY |
| Número de clasificación |
nnnn |
| Número de documento/Ítem |
H758e |
| 049 ## - FONDOS LOCALES (OCLC) |
| Fondos de biblioteca |
BNGR |
| 100 1# - ENTRADA PRINCIPAL--NOMBRE DE PERSONA |
| Nombre de persona |
Holton, Gerald James, |
| 9 (RLIN) |
40591 |
| 240 10 - TÍTULO UNIFORME |
| Título uniforme |
Einstein, historia and other passions. the rebellion against science at the end of the twentieth century. |
| Lenguaje de la obra |
Español. |
| 245 10 - MENCIÓN DE TÍTULO |
| Título |
Einstein, historia y otras pasiones : |
| Resto del título |
la rebelión contra la ciencia en el final del siglo XX / Gerald Holton ; traducción de José Javier García Sanz / |
| Mención de responsabilidad, etc. |
Gerald Holton ; traducción de José Javier García Sanz. |
| 260 ## - PUBLICACIÓN, DISTRIBUCIÓN, ETC. |
| Lugar de publicación, distribución, etc. |
Madrid : |
| Nombre del editor, distribuidor, etc. |
Taurus, |
| Fecha de publicación, distribución, etc. |
1998. |
| 300 ## - DESCRIPCIÓN FÍSICA |
| Extensión |
312 p. : |
| Otras características físicas |
il. ; |
| Dimensiones |
22 cm. |
| 490 1# - MENCIÓN DE SERIE |
| Mención de serie |
Pensamiento |
| 534 ## - NOTA SOBRE LA VERSIÓN ORIGINAL |
| Frase introductoria |
Título original en inglés: |
| Mención de título del original |
Einstein, historia and other passions. the rebellion against science at the end of the twentieth century. |
| Publicación, distribución, etc. del original |
New York : AIP, 1995 |
| 500 ## - NOTA GENERAL |
| Nota general |
Incluye notas al pie de las páginas. |
| 500 ## - NOTA GENERAL |
| Nota general |
Incluye índice |
| 700 1# - PUNTO DE ACCESO ADICIONAL--NOMBRE DE PERSONA |
| Nombre de persona |
García Sanz, José Javier, |
| Término indicativo de función/relación |
tr. |
| 9 (RLIN) |
40592 |
| 830 #0 - PUNTO DE ACCESO ADICIONAL DE SERIE-TÍTULO UNIFORME |
| Título uniforme |
Pensamiento |
| 9 (RLIN) |
9245 |
| 910 ## - DATOS DE OPCIÓN DEL USUARIO (OCLC) |
| Datos de opción del usuario |
Catalogación original |